| 000 | 00547 a2200193 4500 | ||
|---|---|---|---|
| 020 | _a9780131274983 | ||
| 020 | _a9780131274983 | ||
| 082 | _a532 | ||
| 090 |
_c1712 _d1712 |
||
| 100 | 1 | _aVersteeg, H. | |
| 245 | 1 | 3 |
_aAn introduction to computational fluid dynamics : _bthe finite volume method / _cH. Versteeg, W. Malalasekera. |
| 250 | _a2nd ed. | ||
| 260 |
_a[S.l.] : _bPrentice Hall, _c2007. |
||
| 300 |
_a520 p. ; _c25 cm. |
||
| 490 | 1 | _a2nd edition. | |
| 700 | 1 | _aMalalasekera, W. | |
| 830 | 0 | _a2nd edition. | |
| 942 |
_aSNS _cBK _k532 VER |
||
| 999 |
_c355593 _d355593 |
||